| 000 | 00372nam a22001577a 4500 | ||
|---|---|---|---|
| 003 | SGT | ||
| 082 |
_a610.73 _bC13I |
||
| 100 | _aINDIAN NURSING COUNCIL | ||
| 245 | _aCLINICAL ASSIGNMENTS- GUIDELINES | ||
| 250 | _a3RD | ||
| 260 |
_aINDIA _bINDIAN NURSING COUNCIL _c2013 |
||
| 300 | _a29 | ||
| 650 | _aNURSING SYLLABUS | ||
| 653 | _aNURSING SYLLABUS | ||
| 942 |
_2ddc _cBK |
||
| 999 |
_c22436 _d22436 |
||